In their own words : (Record no. 2429)

MARC details
000 -LEADER
fixed length control field 00993nam a22002657a 4500
001 - CONTROL NUMBER
control field 2429
003 - CONTROL NUMBER IDENTIFIER
control field FISKH
005 - DATE AND TIME OF LATEST TRANSACTION
control field 20240116105425.0
008 - FIXED-LENGTH DATA ELEMENTS--GENERAL INFORMATION
fixed length control field 231206b cb ||||| |||| 00| 0 eng d
020 ## - INTERNATIONAL STANDARD BOOK NUMBER
International Standard Book Number 9780439165853
040 ## - CATALOGING SOURCE
Original cataloging agency FISKH
Language of cataloging eng
Transcribing agency FISKH
Modifying agency FISKH
050 ## - LIBRARY OF CONGRESS CALL NUMBER
Classification number E99.P85
082 ## - DEWEY DECIMAL CLASSIFICATION NUMBER
Classification number 975.501092
100 ## - MAIN ENTRY--PERSONAL NAME
Personal name Sullivan, George
Dates associated with a name 1927-
245 ## - TITLE STATEMENT
Title In their own words :
Remainder of title Pocahontas /
Statement of responsibility, etc. George Sullivan
260 ## - PUBLICATION, DISTRIBUTION, ETC.
Place of publication, distribution, etc. New York :
Name of publisher, distributor, etc. Scholastic,
Date of publication, distribution, etc. 2001.
300 ## - PHYSICAL DESCRIPTION
Extent 128 pages :
Other physical details illustrations ;
Dimensions 20 cm
520 ## - SUMMARY, ETC.
Summary, etc. Journal entries and writings from English colonists help chronicle the life of Pocahontas, discussing how she saved the life of Captain John Smith in 160
521 8# - TARGET AUDIENCE NOTE
Target audience note 930 <br/>
Source Lexile estimate<br/>
650 ## - SUBJECT ADDED ENTRY--TOPICAL TERM
Topical term or geographic name entry element Pocahontas
Form subdivision Juvenile literature
650 ## - SUBJECT ADDED ENTRY--TOPICAL TERM
Topical term or geographic name entry element Pocahontas indians
Form subdivision juvenile literature
General subdivision Biography
650 ## - SUBJECT ADDED ENTRY--TOPICAL TERM
Topical term or geographic name entry element Jamestown
Form subdivision History
General subdivision Juvenile literature
650 ## - SUBJECT ADDED ENTRY--TOPICAL TERM
Topical term or geographic name entry element Pocahontas indians
Form subdivision History
General subdivision juvenile literature
942 ## - ADDED ENTRY ELEMENTS (KOHA)
Source of classification or shelving scheme Dewey Decimal Classification
Koha item type Books
Suppress in OPAC No
Holdings
Withdrawn status Lost status Source of classification or shelving scheme Damaged status Not for loan Collection Home library Current library Shelving location Date acquired Total Checkouts Full call number Barcode Date last seen Copy number Price effective from Koha item type
    Dewey Decimal Classification     Non-Fiction Footprints International School Library Network Toul Kork Campus Footprints International School Library Network Toul Kork Campus   12/06/2023   SUL 975.501092 E99.P85 FISBK05334 12/06/2023 1 12/06/2023 Books
    Dewey Decimal Classification     Non-Fiction Footprints International School Library Network Toul Kork Campus Footprints International School Library Network Toul Kork Campus TTP Secondary Non-Fiction Bookshelves 01/16/2024   SUL 975.501092 E99.P85 FISSE01133 01/16/2024 2 12/06/2023 Books